000 01183nam a2200301 i 4500
003 EG-GICUC
005 20260121101159.0
008 251109s1962 ua ||||f |||| 00| 0 ara d
040 _a EG-GICUC
_bara
_c EG-GICUC
_d EG-GICUC
_erda
041 _aara
082 0 4 _221
_a345
_bط ع . ق
092 0 4 _221
099 _aLaw1 07 345 ط ع . ق 1962
100 0 _aطعيمة الجرف
_eمؤلف.
245 _aالقانون العام :
_bدراسة مقارنة لنظم الحكم و الإدارة،
_nالقسم الثاني \
_cدكتور طعيمة الجرف
264 _aالقاهرة :
_bمكتبة القاهرة الحديثة،
_c1962.
300 _a160 صفحة؛
_c24 سم
336 _2rda content
_atext
337 _2rda media
_aComputer
338 _2rda carrier
_aOnline Resource
504 _aيشتمل علي ارجاعات ببليوجرافية
546 _aالنص أغلبه باللغة العربية بعض النصوص الإنجليزية والفرنسية
650 1 _aالقانون الإداري
_2qrmak
651 1 _2qrmak
856 4 0 _uhttps://fll.law.cu.edu.eg/fulltext/bks/B07-00635.pdf
905 _a74
942 _2ddc
_n0
_cBK
_e21
999 _c41869
_d41869